000 00508cam a2200145 4500500
005 20260322011730.0
041 _afre
042 _adc
100 1 0 _aGuibal, Francis
_eauthor
245 0 0 _aNicolas Poirier , Castoriadis , L’Imaginaire radical. PUF, coll. Philosophies, 2004, 160 pages, 12 €
260 _c2005.
500 _a14
786 0 _nÉtudes | 402 | 2 | 2005-02-01 | p. XIX-XIX | 0014-1941
856 4 1 _uhttps://shs.cairn.info/revue-etudes-2005-2-page-XIX?lang=fr&redirect-ssocas=7080
999 _c1767011
_d1767011